000 00631nam a2200277Ia 4500
005 20260324133744.0
008 008 260324s9999 xx 000 0 eng d
020 _a9780203361740
037 _aEBOOK
040 _aCRL
040 _beng
040 _cCRL
041 _2eng
041 _aeng
084 _qCRL
100 _aNicholas Thoburn
_91194270
245 0 _aDeleuze, Marx and Politics
260 _bTaylor and Francis
260 _c2003
365 _a
365 _b300
856 _uhttp://www.taylorfrancis.com/books/9780203361740
942 _cEBOOK
999 _c1793651
_d1793651